Complétez la constitution de la Vème République - Statistiques

Statistiques générales
  • Ce quiz a été pris 302 fois
    281 depuis la dernière actualisation
  • Le résultat moyen est 16 sur 22
Statistiques - réponses
contenu Mots % Correct
La devise de la république est {Liberté} {Égalité} {Fraternité} {Égalité}
95%
La devise de la république est {Liberté} {Égalité} {Fraternité} {Fraternité}
95%
La devise de la république est {Liberté} {Égalité} {Fraternité} {Liberté}
95%
L'emblème national est le drapeau tricolore {bleu} {blanc} {rouge} {bleu}
93%
La langue de la république est le {français} {français}
93%
L'emblème national est le drapeau tricolore {bleu} {blanc} {rouge} {blanc}
92%
L'emblème national est le drapeau tricolore {bleu} {blanc} {rouge} {rouge}
92%
L'hymne nationale est la {Marseillaise} {Marseillaise}
91%
Le Président de la République peut...prononcer la {dissolution} de l'Assemblée nationale {dissolution}
89%
Son principe est: gouvernement du {peuple} par le {peuple} et pour le {peuple} {peuple}
89%
Le Président de la République est élu pour cinq ans au suffrage {universel} {direct} {universel}
89%
La France est une république{indivisible},{laïque}, {démocratique} et {sociale} {laïque}
81%
Le Président de la République est élu pour cinq ans au suffrage {universel} {direct} {direct}
75%
Le Conseil constitutionnel comprend {neuf} membres dont le mandat dure neuf ans {neuf}
74%
La France est une république{indivisible},{laïque}, {démocratique} et {sociale} {indivisible}
72%
La France est une république{indivisible},{laïque}, {démocratique} et {sociale} {démocratique}
61%
Le gouvernement {détermine} et {conduit} la politique de la nation {conduit}
43%
La France est une république{indivisible},{laïque}, {démocratique} et {sociale} {sociale}...
43%
Le Président de la République.. est garant de l'{indépendance} nationale {indépendance}
38%
Le parlement se réunit de {plein} {droit} {droit}
37%
Le parlement se réunit de {plein} {droit} {plein}
36%
Le gouvernement {détermine} et {conduit} la politique de la nation {détermine}
30%
Aucun quiz correspondant
Distribution des résultats
% des personnes avec chaque résultat
Percentile par nombre de réponses
Votre historique - résultats
Vous n’avez pas pris ce quiz depuis la dernière actualisation